000 01808cam a22004574i 4500
003 PE-LiUPU
005 20250731173014.0
008 150623s1999 mau r 000 0 eng d
020 _a1565632877
035 _a(Sirsi) i9781565632875
040 _aPE-LiUPU
_bspa
_cPE-LiUPU
_erda
049 _aPRUA
082 0 4 _a227.066
_bW58
_221
100 1 _aWilliams, David John,
_eautor.
245 1 0 _aPaul's metaphors their context and character /
_cDavid John Williams.
264 1 _aPeabody, Massachusetts :
_bHendrickson Publishers,
_c1999.
300 _a385 páginas ;
_c24 centímetros
336 _atext
_2rdacontent
337 _aunmediated
_2rdamedia
338 _avolume
_2rdacarrier
505 0 _aLife in the city -- Life in the country -- Family life -- Providing for physical needs -- Slavery and freedom -- Citizens and courts of law -- Manufacturing and marketing -- The business world -- Travel -- Warfare and soldiering -- Cultic observances -- Public shows and sporting events.
526 _aSEG42
526 _aSEG41
526 _aSEG40
526 _aSEG39
526 _aP94
526 _aP87
526 _aP86
526 _aP85
526 _aP77
526 _aP76
526 _aP35
630 _aBiblia.
_pN.T.
_pEpístolas de Pablo
_xCrítica Socio-retórica.
650 0 4 _aMetáfora in la Biblia.
942 _2ddc
_cBOOK
949 _a227.066 W58
_wDEWEY
_c1
_i47233
_d2016-11-9
_e2016-11-6
_lCCODEBUL1
_mBUL
_n2
_r0
_sY
_tBOOK
_u2015-6-24
_xTEOLOGIA
_PP35
_0COMPRA
_o.STAFF. Colección Teología
994 _aC0
_bPEPRU
596 _a1
999 _a227.066 W58
_wDEWEY
_c23783
_i47233
_d23783
_e2017-11-2
_f2021-11-9
_g5
_lCCODEBUL1
_mBUL
_n3
_p36.00
_q1
_r0
_sY
_tBOOK
_u2015-6-24
_xTEOLOGIA
_PP35
_0COMPRA
_o.STAFF. Colección Teología
980 _81
_gALBERTO SANCHEZ Responsable de Automatización